00811nam a2200193 a 450000100060000000300090000600800410001502000150005604000280007108200160009910000360011524501010015126000280025230000080028050502500028865000310053865000240056965000240059321257CO-ViMGA141112s2004 ck r 000 u spa d a9682451698 aCO-ViMGAbspacCO-ViMGA04a658.4 R637d1 aRodríguez Valencia, Joaquín10aDecisiones gerenciales efectivas : bFundamentos para la solución de problemas administrativos aMexico; Trillas, c2006 a160 aGeneralidades acerca de solución de problemas y toma de decisiones 9 - - solución de problemas adminitrativos 29 - - Toma de decisiones administrativas 67 - - El pensamiento estrategico en la toma de decisiones 127 - - Casos de estudio 141 14aADMINISTRACION DE EMPRESAS14aGESTION DE EMPRESAS14aGESTION DE NEGOCIOS